Datum a čas kvízu
20.5
Celkem bodů
Celkový počet nahraných bodů na tomto kvízu bez doplňovacích otázek.
11.
Pořadí na kvízu
Konečné umístění týmu na tomto kvízu.
Zaznamenané odpovědi
| # | Otázka | Odpověď | Body | Výsledky |
|---|---|---|---|---|
| 1. | Policie prověřuje bývalého šéf... | Robert Šlachta | 0 | |
| 2. | Jeden výrobce pneumatik zakáza... | Goodyear | 0 | |
| 3. | Minulý týden byla představena... | Patrik Hartl | 0 | |
| 4. | V úterý byl v Praze na Vltavě... | První český dům vytvořený technologií 3D tisku. | 0 | |
| 5. | Hokejová Kometa Brno si připsa... | Jakub Klepiš | 1 | |
| 6. | Začneme u nás, konkrétně drama... | Kat a blázen | 0 | |
| 7. | Jak se jmenují tři sestry ve s... | C | 1 | |
| 8. | William Shakespeare pochopitel... | Oscar Wilde | 0 | |
| 9. | Nyní se podíváme na divadlo ja... | provaziště | 0 | |
| 10. | Jak se jmenuje veleúspěšná hra... | Hrdý Budžes | 0 |